[Event "La Reina op 3rd"]
[Site "La Reina"]
[Date "2019.08.26"]
[Round "2.5"]
[White "Duran Serra, Alonso"]
[Black "Castillo Grado, Augusto"]
[Result "1-0"]
[WhiteElo "1762"]
[BlackElo "1839"]
[PlyCount "47"]
[EventDate "2019.08.21"]
[EventType "swiss"]
[EventRounds "6"]
[EventCountry "CHI"]
[SourceTitle "EXT 2024"]
[Source "ChessBase"]
[SourceDate "2023.10.10"]
[SourceVersion "1"]
[SourceVersionDate "2023.10.10"]
[SourceQuality "1"]

1. d4 Nf6 2. c4 g6 3. Nc3 d5 4. Nf3 Bg7 5. Bg5 Ne4 6. Bf4 Nxc3 7. bxc3 0-0 8. e3 c5 9. cxd5 cxd4 10. cxd4 Qa5+ 11. Qd2 Qxd5 12. Rc1 Nc6 13. Bc4 Qh5 14. 0-0 e5 15. dxe5 Nxe5 16. Bxe5 Bxe5 17. Nxe5 Qxe5 18. Qd5 Qe7 19. Qf3 Rb8 20. Rfd1 Bd7 21. Bd5 Ba4 22. Rd4 Rfc8 23. Rb1 b6 24. Rxa4 1-0

[Event "Santiago Endesa 07"]
[Site "Santiago de Chile"]
[Date "2010.06.23"]
[Round "8"]
[White "Ferreira Millavud, Marcelo"]
[Black "Castillo Grado, Augusto"]
[Result "0-1"]
[WhiteElo "1937"]
[BlackElo "1894"]
[PlyCount "44"]
[EventDate "2010.06.07"]
[EventType "tourn"]
[EventRounds "11"]
[EventCountry "CHI"]
[SourceTitle "EXT 2012"]
[Source "ChessBase"]
[SourceDate "2011.11.24"]
[SourceVersion "1"]
[SourceVersionDate "2011.11.24"]
[SourceQuality "1"]

1. e4 e5 2. Nf3 Nc6 3. Bc4 Nf6 4. Nc3 Be7 5. 0-0 Nxe4 6. Nxe4 d5 7. d4 exd4 8. Nxd4 dxc4 9. Nxc6 Qxd1 10. Rxd1 bxc6 11. Bf4 Bf5 12. f3 Rc8 13. Rd4 Be6 14. Kh1 h6 15. Be5 0-0 16. Rad1 f6 17. Bg3 f5 18. c3 fxe4 19. Rxe4 Rf6 20. Rde1 Kf7 21. f4 Bd6 22. h4 Bd5 0-1

[Event "Santiago Endesa 07"]
[Site "Santiago de Chile"]
[Date "2010.06.14"]
[Round "4"]
[White "Zamora Munoz, Nelson Manuel"]
[Black "Castillo Grado, Augusto"]
[Result "1-0"]
[WhiteElo "1965"]
[BlackElo "1894"]
[PlyCount "99"]
[EventDate "2010.06.07"]
[EventType "tourn"]
[EventRounds "11"]
[EventCountry "CHI"]
[SourceTitle "EXT 2012"]
[Source "ChessBase"]
[SourceDate "2011.11.24"]
[SourceVersion "1"]
[SourceVersionDate "2011.11.24"]
[SourceQuality "1"]

1. d4 d5 2. c4 e6 3. Nf3 Nf6 4. Qc2 Be7 5. Nc3 0-0 6. e3 h6 7. Bd2 a6 8. Rc1 dxc4 9. Bxc4 c5 10. dxc5 Bxc5 11. 0-0 Nc6 12. Rfd1 Qe7 13. a3 Rd8 14. Ba2 Bd7 15. Ne4 Nxe4 16. Qxe4 Be8 17. Bb1 g6 18. h4 Bd6 19. Bc3 f5 20. Qc2 Rac8 21. Qe2 Bf7 22. b4 e5 23. e4 f4 24. Ba2 Bxa2 25. Qxa2+ Qf7 26. Qb2 Qe6 27. Rd2 Bc7 28. Rcd1 Rxd2 29. Rxd2 Re8 30. a4 Qc4 31. b5 axb5 32. axb5 Ba5 33. Bxa5 Nxa5 34. Nxe5 Qe6 35. Rd5 b6 36. f3 Nb7 37. Ng4 Rd8 38. Nxh6+ Kh7 39. Rxd8 Nxd8 40. Ng4 Nf7 41. Nf6+ Kg7 42. Nd5+ Kh6 43. Qd2 Qd6 44. Qxf4+ Qxf4 45. Nxf4 Nd6 46. Nd5 Nxb5 47. Nxb6 g5 48. hxg5+ Kxg5 49. Kf2 Nc3 50. Nd5 1-0

[Event "Santiago Endesa Interempresas tt-A"]
[Site "Santiago de Chile"]
[Date "2009.08.25"]
[Round "6"]
[White "Castillo Grado, Augusto"]
[Black "Saavedra, Juan"]
[Result "1/2-1/2"]
[WhiteElo "1915"]
[BlackElo "2114"]
[PlyCount "87"]
[EventDate "2009.07.21"]
[EventType "team"]
[EventRounds "13"]
[EventCountry "CHI"]
[SourceTitle "EXT 2012"]
[Source "ChessBase"]
[SourceDate "2011.11.24"]
[SourceVersion "1"]
[SourceVersionDate "2011.11.24"]
[SourceQuality "1"]

1. e4 c5 2. c3 d5 3. exd5 Qxd5 4. d4 Nc6 5. Nf3 Bg4 6. Be2 cxd4 7. cxd4 e6 8. 0-0 Nf6 9. h3 Bh5 10. Nc3 Qd8 11. Bg5 Be7 12. g4 Bg6 13. a3 0-0 14. Rc1 h6 15. Be3 Rc8 16. Ne5 Nxe5 17. dxe5 Nd7 18. f4 Bc5 19. Bxc5 Nxc5 20. Qxd8 Rfxd8 21. f5 exf5 22. gxf5 Bh7 23. Bc4 Nd3 24. Bxd3 Rxd3 25. e6 Re8 26. Rce1 Rd2 27. Ne4 Rd5 28. Ng3 a5 29. Rc1 fxe6 30. fxe6 Bg6 31. Rfe1 Re7 32. Re3 Rd6 33. Rc8+ Kh7 34. Rc5 b6 35. Rce5 Bd3 36. Nh5 Bc4 37. Nf4 g5 38. Ne2 Rdxe6 39. Rxe6 Rxe6 40. Rxe6 Bxe6 41. Kg2 Kg6 42. Kg3 h5 43. h4 g4 44. Nf4+ 1/2-1/2

[Event "Santiago Endesa Interempresas tt-A"]
[Site "Santiago de Chile"]
[Date "2009.07.21"]
[Round "1"]
[White "Castillo Grado, Augusto"]
[Black "Valenzuela Fuentealba, Luis"]
[Result "0-1"]
[WhiteElo "1915"]
[BlackElo "2477"]
[PlyCount "84"]
[EventDate "2009.07.21"]
[EventType "team"]
[EventRounds "13"]
[EventCountry "CHI"]
[SourceTitle "EXT 2012"]
[Source "ChessBase"]
[SourceDate "2011.11.24"]
[SourceVersion "1"]
[SourceVersionDate "2011.11.24"]
[SourceQuality "1"]

1. e4 c5 2. c3 Nf6 3. e5 Nd5 4. Nf3 Nc6 5. Bc4 Nb6 6. Bb3 d5 7. exd6 Qxd6 8. d4 cxd4 9. cxd4 Be6 10. Nc3 Bxb3 11. Qxb3 e6 12. 0-0 Be7 13. Rd1 Rd8 14. Be3 0-0 15. a3 Nd5 16. Nxd5 Qxd5 17. Qxb7 Rb8 18. Qa6 Rxb2 19. Rdc1 Rb6 20. Qc4 f6 21. Qxd5 exd5 22. g3 Bd6 23. Nd2 Rfb8 24. a4 Na5 25. Rab1 Rb4 26. Ra1 Kf7 27. Rcb1 Ke6 28. Kg2 h5 29. h4 Kf5 30. Kf3 Nc6 31. Rxb4 Rxb4 32. Rb1 Nxd4+ 33. Kg2 Rxb1 34. Nxb1 Nc6 35. f3 d4 36. Bc1 Ke6 37. Kf2 Kd5 38. Ba3 Bxa3 39. Nxa3 Kc5 40. Nb5 Kb4 41. Nd6 Kc3 42. Ke1 Kc2 0-1